000 00558cam a22001932 4500
001 0000024247
005 20151217145947.0
008 130621s xx 000 0 eng d
040 _aKABU
_cKABU
245 1 0 _aEnvironmental disasters /
_ceditors, K. K. K. Singh ... [et al.].
250 _a1st ed.
260 _aNew Delhi :
_bAPH,
_c2010.
300 _axxii, 450 p.
650 0 _aDisasters.
_@0000087643
700 1 _aSingh, K. K. K.
_@0000184199
852 1 _9p4200 KES
908 _a130621
950 _@1
999 _c4503
_d4503